[Event "Senior DM 65+ 2024"]
[Site "Aarhus"]
[Date "2024.02.17"]
[Round "6.9"]
[White "Poulsen, Knud"]
[Black "Nielsen, Ib"]
[Result "1/2-1/2"]
[WhiteElo "1780"]
[BlackElo "1900"]
[PlyCount "102"]
[EventDate "2024.02.12"]
[EventType "swiss"]
[EventRounds "7"]
[EventCountry "DEN"]
[SourceTitle "Live v. Thomas Vestergaard"]

1. c4 g6 2. g3 Bg7 3. Nc3 c5 4. Bg2 Nc6 5. Nf3 e6 6. e4 Nge7 7. O-O O-O 8. d3 d5 9. cxd5 exd5 10. exd5 Nxd5 11. Nxd5 Qxd5 12. Qa4 Bd7 13. Qh4 Qf5 14. Ng5 h6 15. Be4 hxg5 16. Bxf5 gxh4 17. Bxd7 Ne5 18. Bb5 a6 19. Bc4 hxg3 20. hxg3 Rad8 21. Be3 b5 22. Bb3 Nxd3 23. Bg5 Rd7 24. Rfd1 c4 25. Bc2 Bxb2 26. Rab1 Be5 27. a4 f6 28. Bh6 Rb8 29. axb5 axb5 30. Bxd3 cxd3 31. Rb3 g5 32. Kg2 Kh7 33. f4 Kxh6 34. fxe5 fxe5 35. Kf3 d2 36. Ke3 Kg6 37. Rxd2 Rxd2 38. Kxd2 Kf5 39. Rb4 g4 40. Ke3 Rb7 41. Kf2 Rb6 42. Ke3 Rb8 43. Kf2 Ke6 44. Ke3 Kd5 45. Kd2 e4 46. Ke3 Rb6 47. Rd4+ Kc5 48. Rxe4 b4 49. Kd2 b3 50. Kc1 b2+ 51. Kb1 Rb4 1/2-1/2

[Event "Senior DM 65+ 2024"]
[Site "Aarhus"]
[Date "2024.02.17"]
[Round "6.10"]
[White "Norregaard, Claus"]
[Black "Gottschalck, Christian"]
[Result "1-0"]
[WhiteElo "1899"]
[BlackElo "1684"]
[PlyCount "97"]
[EventDate "2024.02.12"]
[EventType "swiss"]
[EventRounds "7"]
[EventCountry "DEN"]
[SourceTitle "Live v. Thomas Vestergaard"]

1. e4 e6 2. d4 d5 3. Nc3 dxe4 4. Nxe4 Bd7 5. Nf3 Bc6 6. Bd3 Nd7 7. O-O Ngf6 8. Qe2 Nxe4 9. Bxe4 Bxe4 10. Qxe4 c6 11. c4 Nf6 12. Qe2 Be7 13. Bf4 O-O 14. Rfd1 Re8 15. a3 a5 16. b3 Qb6 17. Qc2 Rad8 18. c5 Qb5 19. a4 Qa6 20. Ne5 Nd5 21. Be3 Bf8 22. Qc4 Qxc4 23. Nxc4 Ra8 24. Bd2 b6 25. cxb6 Bb4 26. Rac1 Bxd2 27. Rxd2 Nb4 28. Ne5 Rac8 29. Rc5 f6 30. Nc4 Rb8 31. Rxa5 Red8 32. Rc5 Rd7 33. a5 Rc8 34. f4 g6 35. Ne3 Na6 36. Rc4 Kf7 37. Rdc2 Nb8 38. b4 Rcd8 39. Ra2 Na6 40. Nc2 Rd6 41. Kf2 R8d7 42. Ra3 Ke8 43. Rac3 Nb8 44. Ke3 Rb7 45. b5 cxb5 46. Rc8+ Rd8 47. R8c7 Rd7 48. Rxb7 Rxb7 49. Ke4 1-0

[Event "Senior DM 65+ 2024"]
[Site "Aarhus"]
[Date "2024.02.17"]
[Round "6.11"]
[White "Markussen, Benno Orvad"]
[Black "Bjornes, Leif"]
[Result "1/2-1/2"]
[WhiteElo "1677"]
[BlackElo "1826"]
[PlyCount "35"]
[EventDate "2024.02.12"]
[EventType "swiss"]
[EventRounds "7"]
[EventCountry "DEN"]
[SourceTitle "Live v. Thomas Vestergaard"]

1. Nf3 d5 2. d4 Nf6 3. Bf4 e6 4. c4 c5 5. e3 Bd6 6. Bxd6 Qxd6 7. Nc3 O-O 8. cxd5 exd5 9. dxc5 Qxc5 10. Be2 Nc6 11. Rc1 Be6 12. O-O Rac8 13. Nb5 Qe7 14. Nbd4 Nxd4 15. Qxd4 a6 16. Bd3 h6 17. Nd2 Rxc1 18. Rxc1 1/2-1/2

[Event "Senior DM 65+ 2024"]
[Site "Aarhus"]
[Date "2024.02.17"]
[Round "6.12"]
[White "Iversen, Flemming Pagh"]
[Black "Gam, Soren"]
[Result "1/2-1/2"]
[WhiteElo "1744"]
[BlackElo "1368"]
[PlyCount "44"]
[EventDate "2024.02.12"]
[EventType "swiss"]
[EventRounds "7"]
[EventCountry "DEN"]
[SourceTitle "Live v. Thomas Vestergaard"]

1. e4 e5 2. Nf3 Nc6 3. Bc4 Bc5 4. c3 Nf6 5. d3 O-O 6. O-O d6 7. Bg5 a5 8. Nbd2 Be6 9. Qe2 Bxc4 10. Nxc4 Qe7 11. Ne3 Qe6 12. Nf5 Ne7 13. d4 exd4 14. cxd4 Nxf5 15. Bxf6 Bb6 16. Qd3 Qxf6 17. exf5 Rfe8 18. Rfe1 h6 19. Re4 Kf8 20. Rae1 d5 21. Rxe8+ Rxe8 22. Rxe8+ Kxe8 1/2-1/2

[Event "Senior DM 65+ 2024"]
[Site "Aarhus"]
[Date "2024.02.17"]
[Round "6.13"]
[White "Gronhoj, Benny"]
[Black "Holst, Per"]
[Result "0-1"]
[WhiteElo "1934"]
[BlackElo "2101"]
[PlyCount "92"]
[EventDate "2024.02.12"]
[EventType "swiss"]
[EventRounds "7"]
[EventCountry "DEN"]
[SourceTitle "Live v. Thomas Vestergaard"]

1. e4 e6 2. d4 d5 3. Nc3 Bb4 4. e5 Qd7 5. a3 Bxc3+ 6. bxc3 b6 7. f4 Ne7 8. Bd3 Ba6 9. Nf3 Bxd3 10. Qxd3 Nbc6 11. O-O Na5 12. Nd2 h5 13. a4 Nf5 14. Ba3 Nc4 15. Nxc4 dxc4 16. Qf3 Rd8 17. a5 Qd5 18. axb6 axb6 19. Bb4 Qxf3 20. Rxf3 Kd7 21. h3 h4 22. Rff1 Ra8 23. Kf2 Kc6 24. Ba3 Ra4 25. Bb2 Rha8 26. Rxa4 Rxa4 27. Ra1 b5 28. Rxa4 bxa4 29. Kf3 Kd5 30. Ba3 Ng3 31. Bb4 Ne4 32. Kg4 Nd2 33. Ba3 Nb1 34. Bb2 a3 35. Ba1 Ke4 36. Kxh4 Nd2 37. Kg5 Nb3 38. g4 Nxa1 39. f5 Nxc2 40. f6 gxf6+ 41. exf6 a2 42. Kh6 a1=Q 43. Kg7 Qxc3 44. Kxf7 Qxd4 45. Ke7 c3 46. f7 Qd6+ 0-1

[Event "Senior DM 65+ 2024"]
[Site "Aarhus"]
[Date "2024.02.17"]
[Round "6.14"]
[White "Westenvind, Allan"]
[Black "McAndrew, Robert"]
[Result "0-1"]
[WhiteElo "1820"]
[BlackElo "1898"]
[PlyCount "56"]
[EventDate "2024.02.12"]
[EventType "swiss"]
[EventRounds "7"]
[EventCountry "DEN"]
[SourceTitle "Live v. Thomas Vestergaard"]

1. d4 Nf6 2. Nf3 g6 3. b3 Bg7 4. Bb2 O-O 5. Nbd2 d5 6. e3 c5 7. Bd3 cxd4 8. exd4 Nc6 9. a3 Nh5 10. h3 Nf4 11. Bf1 e5 12. dxe5 Re8 13. Qc1 Nxe5 14. Nxe5 Bxe5 15. Bxe5 Rxe5+ 16. Kd1 Qf6 17. Nf3 Re7 18. Ra2 Bf5 19. Qb2 d4 20. Kd2 a6 21. a4 Qb6 22. Qa3 Rae8 23. b4 d3 24. c4 Qxf2+ 25. Kc3 Ne2+ 26. Kb3 Re3 27. Rd2 Rxf3 28. gxf3 Qxf3 0-1

[Event "Senior DM 65+ 2024"]
[Site "Aarhus"]
[Date "2024.02.17"]
[Round "6.15"]
[White "Fjordside, Arne Dan"]
[Black "Kristensen, Lars Ostergaard"]
[Result "0-1"]
[WhiteElo "1805"]
[BlackElo "1585"]
[PlyCount "78"]
[EventDate "2024.02.12"]
[EventType "swiss"]
[EventRounds "7"]
[EventCountry "DEN"]
[SourceTitle "Live v. Thomas Vestergaard"]

1. d4 d5 2. Bf4 e6 3. e3 c6 4. c3 f5 5. Nf3 Nf6 6. Bd3 Be7 7. h3 O-O 8. O-O Nbd7 9. c4 Ne4 10. Nc3 Ndf6 11. Rc1 Bd7 12. c5 Qe8 13. Na4 Rd8 14. b4 Nh5 15. Bc7 Rc8 16. Be5 f4 17. Qc2 fxe3 18. fxe3 Nhf6 19. Nh2 Qh5 20. Rf3 Ng5 21. Rg3 Rf7 22. Nc3 Rcf8 23. Rf1 Nge4 24. Nxe4 dxe4 25. Be2 Qh4 26. Qd1 Nd5 27. Rxf7 Rxf7 28. Bh5 Rf6 29. Qe1 Qxh5 30. Ng4 Rg6 31. Qe2 Rg5 32. Bf4 Nxf4 33. exf4 Rf5 34. Qxe4 Qh4 35. Kh2 Bd8 36. Rf3 Bc7 37. g3 Qe7 38. Ne3 Rf7 39. Nc4 Qf8 0-1

[Event "Senior DM 65+ 2024"]
[Site "Aarhus"]
[Date "2024.02.17"]
[Round "6.16"]
[White "Lauritzen, Vagn"]
[Black "Meldgaard, Frode"]
[Result "0-1"]
[WhiteElo "1553"]
[BlackElo "1798"]
[PlyCount "74"]
[EventDate "2024.02.12"]
[EventType "swiss"]
[EventRounds "7"]
[EventCountry "DEN"]
[SourceTitle "Live v. Thomas Vestergaard"]

1. e4 e5 2. Nf3 Nc6 3. Bb5 d6 4. h3 Bd7 5. c3 a6 6. Ba4 b5 7. Bc2 Nf6 8. d4 h6 9. O-O Qc8 10. Kh2 Be7 11. Nbd2 Nh7 12. Ng1 Bf6 13. d5 Ne7 14. Ndf3 Ng6 15. Ne2 Ng5 16. Ng3 Bxh3 17. Nf5 Bxf5 18. exf5 Ne7 19. Kg1 Nxf5 20. Nh2 Ne7 21. Ng4 Qb7 22. Ne3 g6 23. b4 O-O 24. Bb3 Qc8 25. Ng4 Bg7 26. Nh2 Ne4 27. Qf3 Qf5 28. Bb2 Nd2 29. Qxf5 gxf5 30. Rfd1 Nxb3 31. axb3 Ng6 32. g3 e4 33. Nf1 f4 34. Re1 Rfe8 35. gxf4 Nxf4 36. Ne3 Re5 37. c4 Rg5+ 0-1

[Event "Senior DM 65+ 2024"]
[Site "Aarhus"]
[Date "2024.02.17"]
[Round "6.17"]
[White "Andersson, Finn"]
[Black "Lavrsen, Frands Winther"]
[Result "1/2-1/2"]
[WhiteElo "1711"]
[BlackElo "1691"]
[PlyCount "98"]
[EventDate "2024.02.12"]
[EventType "swiss"]
[EventRounds "7"]
[EventCountry "DEN"]
[SourceTitle "Live v. Thomas Vestergaard"]

1. e4 Nc6 2. Bc4 Nf6 3. Nc3 d6 4. d3 g6 5. Bg5 Bg7 6. Qd2 O-O 7. Nge2 Ne5 8. Bb3 Bg4 9. d4 Nc6 10. f3 Bd7 11. Bh6 a5 12. Bxg7 Kxg7 13. g4 e6 14. g5 Ng8 15. h4 Nce7 16. a4 Qe8 17. Nf4 Nc8 18. h5 Nge7 19. Qh2 Rh8 20. O-O-O Nb6 21. hxg6 hxg6 22. Qg2 Rxh1 23. Rxh1 Ng8 24. Qh2 Kf8 25. Qe2 Nxa4 26. Nxa4 Bxa4 27. Bxa4 Qxa4 28. Kb1 Qxd4 29. Qb5 Qb6 30. Qc4 Re8 31. Qc3 e5 32. Nd5 Qc5 33. Qxc5 dxc5 34. Nxc7 Rc8 35. Nd5 Kg7 36. Rd1 Rd8 37. c4 Ne7 38. Rd3 Nxd5 39. exd5 Rd6 40. Rb3 b6 41. Kc2 f6 42. Re3 fxg5 43. Rxe5 Kf6 44. Re4 Kf5 45. Kd3 Kf6 46. Ke3 Kf7 47. Re5 Kf6 48. Re8 Rc6 49. Re5 Rd6 1/2-1/2

[Event "Senior DM 65+ 2024"]
[Site "Aarhus"]
[Date "2024.02.17"]
[Round "6.18"]
[White "Andersen, Villy Abildgaard"]
[Black "Korsgaard, Christian"]
[Result "0-1"]
[WhiteElo "1602"]
[BlackElo "1709"]
[PlyCount "78"]
[EventDate "2024.02.12"]
[EventType "swiss"]
[EventRounds "7"]
[EventCountry "DEN"]
[SourceTitle "Live v. Thomas Vestergaard"]

1. e4 d6 2. d4 Nf6 3. Nc3 g6 4. f3 c6 5. Be3 b5 6. Qd2 Nbd7 7. O-O-O Qa5 8. Kb1 b4 9. Nce2 c5 10. dxc5 Nxc5 11. Nc1 Be6 12. Nge2 Rb8 13. Nd4 Bd7 14. Bc4 Na4 15. h4 Nc3+ 16. Ka1 Nxd1 17. Rxd1 Qc7 18. Bb3 a5 19. Qd3 Bg7 20. Nce2 O-O 21. f4 a4 22. Bc4 Rfc8 23. Ba6 Rd8 24. Kb1 Ra8 25. Bb5 b3 26. cxb3 axb3 27. Nxb3 Bxb5 28. Qxb5 Nxe4 29. Bb6 Rdb8 30. Bxc7 Rxb5 31. Ned4 Rb7 32. Ba5 Nc5 33. Be1 Nxb3 34. Nxb3 Rc8 35. g3 Rbc7 36. Rd2 Kf8 37. Bf2 Ke8 38. Be3 Kd7 39. Nd4 Rc1# 0-1

[Event "Senior DM 65+ 2024"]
[Site "Aarhus"]
[Date "2024.02.17"]
[Round "6.19"]
[White "Pilgaard, Johannes"]
[Black "Bohnstedt, Michael"]
[Result "1-0"]
[WhiteElo "1648"]
[BlackElo "1439"]
[PlyCount "99"]
[EventDate "2024.02.12"]
[EventType "swiss"]
[EventRounds "7"]
[EventCountry "DEN"]
[SourceTitle "Live v. Thomas Vestergaard"]

1. e4 c5 2. d4 cxd4 3. c3 Nc6 4. Nf3 g6 5. Bc4 Bg7 6. O-O e6 7. Qe2 Nge7 8. Rd1 d5 9. Bb3 O-O 10. Bg5 Qc7 11. cxd4 Re8 12. e5 a6 13. a4 Qb6 14. Ba2 Nf5 15. Be3 Nxe3 16. fxe3 Bd7 17. Nc3 Bh6 18. Rf1 Ne7 19. g4 g5 20. Bb1 Ng6 21. Qf2 Rf8 22. Kg2 f6 23. Bxg6 hxg6 24. Qc2 f5 25. h4 gxh4 26. g5 Bg7 27. Nxh4 Qd8 28. Nf3 Kf7 29. Ne2 Rc8 30. Qb3 Rg8 31. Rh1 Bf8 32. Rh7+ Ke8 33. Qxb7 Rb8 34. Qxa6 Rxb2 35. Kg3 Rb3 36. Kf2 Rb8 37. Nf4 Rb6 38. Qa7 Rb2+ 39. Kg3 Be7 40. Qa6 Rb6 41. Qa7 Rb3 42. Re1 Bxg5 43. Reh1 Rxe3 44. Rh8 Bxf4+ 45. Kf2 Bg3+ 46. Kxe3 Kf7 47. R1h7+ Kf8 48. Rxd7 Qxd7 49. Rxg8+ Kxg8 50. Qxd7 1-0

[Event "Senior DM 65+ 2024"]
[Site "Aarhus"]
[Date "2024.02.18"]
[Round "7.1"]
[White "Andersen, Lars Christoff"]
[Black "Andreasen, Per Naesby"]
[Result "0-1"]
[WhiteElo "1932"]
[BlackElo "2203"]
[PlyCount "66"]
[EventDate "2024.02.12"]
[EventType "swiss"]
[EventRounds "7"]
[EventCountry "DEN"]
[SourceTitle "Live v. Thomas Vestergaard"]

1. c4 g6 2. g3 Bg7 3. Bg2 Nf6 4. Nf3 O-O 5. O-O c6 6. d4 d6 7. Nc3 a6 8. h3 b5 9. Nd2 Qb6 10. cxb5 axb5 11. a4 b4 12. Qb3 Qxd4 13. Na2 Be6 14. Qxb4 Rxa4 15. Qxd4 Rxd4 16. Nc3 Rb4 17. Ra7 Re8 18. Rd1 Nd5 19. Nde4 Nxc3 20. bxc3 Rb1 21. Nd2 Rb6 22. Ne4 h6 23. Be3 c5 24. Nxc5 dxc5 25. Bxc5 Rb2 26. Bxe7 Rxe2 27. Bb4 Ra2 28. Rxa2 Bxa2 29. Ra1 Bc4 30. Ra8 Bf8 31. Bc6 Re1+ 32. Kh2 Nxc6 33. Rxf8+ Kg7 0-1

[Event "Senior DM 65+ 2024"]
[Site "Aarhus"]
[Date "2024.02.18"]
[Round "7.2"]
[White "Thuesen, Mogens Henrik"]
[Black "Alkaersig, Ole"]
[Result "1-0"]
[WhiteElo "2158"]
[BlackElo "2178"]
[PlyCount "73"]
[EventDate "2024.02.12"]
[EventType "swiss"]
[EventRounds "7"]
[EventCountry "DEN"]
[SourceTitle "Live v. Thomas Vestergaard"]

1. d4 d5 2. c4 e6 3. Nc3 c5 4. cxd5 exd5 5. Nf3 Nf6 6. g3 Nc6 7. Bg2 Be7 8. O-O O-O 9. b3 cxd4 10. Nb5 Ne4 11. Bb2 Bf6 12. Nbxd4 Re8 13. Rc1 Bd7 14. Qd3 Qe7 15. Nxc6 bxc6 16. Bxf6 Qxf6 17. Nd2 Nxd2 18. Qxd2 Qe7 19. Bf3 a5 20. Qf4 Qe5 21. Qa4 Qd6 22. Rc2 Qb4 23. Qxb4 axb4 24. Rd1 f5 25. Kf1 Ra7 26. Ke1 Rea8 27. Rdd2 Kf8 28. Kd1 Ke7 29. Kc1 Kd6 30. Kb1 Be6 31. Rc4 c5 32. Rh4 h6 33. g4 f4 34. Rh5 Rd8 35. Bxd5 Ke7 36. Re5 Ra6 37. Bxe6 1-0

[Event "Senior DM 65+ 2024"]
[Site "Aarhus"]
[Date "2024.02.18"]
[Round "7.3"]
[White "Mikkelsen, Peter Jorgen Dam"]
[Black "Olesen, Poul Erik Norgaard"]
[Result "1-0"]
[WhiteElo "2095"]
[BlackElo "1959"]
[PlyCount "97"]
[EventDate "2024.02.12"]
[EventType "swiss"]
[EventRounds "7"]
[EventCountry "DEN"]
[SourceTitle "Live v. Thomas Vestergaard"]

1. c4 Nf6 2. Nc3 g6 3. d4 Bg7 4. e4 d6 5. f3 a6 6. Be3 O-O 7. Qd2 e5 8. d5 Nbd7 9. g4 h5 10. Bg5 hxg4 11. fxg4 Nc5 12. h3 Qe8 13. Bg2 Nh7 14. Be3 Na4 15. Nge2 Nxc3 16. Nxc3 b5 17. c5 Qe7 18. b4 Qh4+ 19. Bf2 Qh6 20. a4 bxa4 21. Rxa4 Rb8 22. Ke2 Qxd2+ 23. Kxd2 f5 24. gxf5 gxf5 25. Be3 f4 26. Bf2 Ng5 27. h4 Nf7 28. Bf3 a5 29. b5 dxc5 30. Bxc5 Nd6 31. Bxd6 cxd6 32. Rxa5 Bd7 33. Rg1 Kh7 34. Ra7 Rf7 35. Bh5 Re7 36. Bg4 Rd8 37. Bf5+ Kh6 38. b6 f3 39. Rf1 Kh5 40. Rxf3 Bh6+ 41. Kd3 Kxh4 42. Rxd7 Rexd7 43. Bxd7 Rxd7 44. Kc4 Kg4 45. Rf1 Be3 46. Kb5 Rd8 47. b7 Kg3 48. Kc6 Kg2 49. Ra1 1-0

[Event "Senior DM 65+ 2024"]
[Site "Aarhus"]
[Date "2024.02.18"]
[Round "7.4"]
[White "Pedersen, Karsten Nymann"]
[Black "Hewson, Brian"]
[Result "1/2-1/2"]
[WhiteElo "2065"]
[BlackElo "2020"]
[PlyCount "51"]
[EventDate "2024.02.12"]
[EventType "swiss"]
[EventRounds "7"]
[EventCountry "DEN"]
[SourceTitle "Live v. Thomas Vestergaard"]

1. d4 d5 2. c4 c6 3. Nf3 Nf6 4. g3 g6 5. Bg2 Bg7 6. O-O O-O 7. Nc3 dxc4 8. e3 Nbd7 9. Nd2 Nb6 10. Qe2 Be6 11. Rd1 Qc8 12. e4 Rd8 13. Nf3 Bg4 14. Qf1 e5 15. Be3 Bxf3 16. Bxf3 Ng4 17. Bxg4 Qxg4 18. d5 cxd5 19. Bxb6 axb6 20. f3 Qc8 21. Nxd5 Qc5+ 22. Qf2 Bf8 23. Rd2 Qxf2+ 24. Kxf2 Bc5+ 25. Ke2 Kg7 26. a3 1/2-1/2

[Event "Senior DM 65+ 2024"]
[Site "Aarhus"]
[Date "2024.02.18"]
[Round "7.5"]
[White "Knudsen, Per"]
[Black "Christiansen, Arne"]
[Result "1-0"]
[WhiteElo "2223"]
[BlackElo "1902"]
[PlyCount "63"]
[EventDate "2024.02.12"]
[EventType "swiss"]
[EventRounds "7"]
[EventCountry "DEN"]
[SourceTitle "Live v. Thomas Vestergaard"]

1. Nf3 Nf6 2. c4 g6 3. g3 Bg7 4. Bg2 O-O 5. O-O d6 6. d4 Nc6 7. d5 Na5 8. Nfd2 c5 9. Nc3 a6 10. Qc2 Rb8 11. b3 b5 12. Bb2 e6 13. Rab1 exd5 14. Nxd5 Nxd5 15. Bxg7 Kxg7 16. Bxd5 Bb7 17. Bxb7 Rxb7 18. Qc3+ f6 19. Rbd1 Nc6 20. Qd3 f5 21. Nb1 Rf6 22. Nc3 b4 23. Nd5 Ne5 24. Qc2 Re6 25. Rd2 Nf7 26. Re1 Rb8 27. Kg2 a5 28. e3 Rb7 29. Rde2 Ng5 30. f3 Qd7 31. Qb2+ Kh6 32. Qd2 1-0

[Event "Senior DM 65+ 2024"]
[Site "Aarhus"]
[Date "2024.02.18"]
[Round "7.7"]
[White "Madsen, Svend Aage"]
[Black "Norregaard, Claus"]
[Result "1-0"]
[WhiteElo "1981"]
[BlackElo "1899"]
[PlyCount "113"]
[EventDate "2024.02.12"]
[EventType "swiss"]
[EventRounds "7"]
[EventCountry "DEN"]
[SourceTitle "Live v. Thomas Vestergaard"]

1. e4 e6 2. d4 d5 3. Nd2 Nc6 4. c3 e5 5. exd5 Qxd5 6. Ngf3 exd4 7. Bc4 Qf5 8. cxd4 Nf6 9. O-O Be6 10. Re1 O-O-O 11. Bxe6+ fxe6 12. Nc4 Qd5 13. Nce5 Rg8 14. Qa4 Qa5 15. Qxa5 Nxa5 16. Bd2 Nc6 17. Nxc6 bxc6 18. Rxe6 Rd6 19. Rae1 Kd7 20. R6e2 Nd5 21. Ne5+ Kc8 22. Nc4 Rd8 23. Bg5 Nf6 24. Ne5 Kb7 25. Nf3 Bd6 26. Re6 Rdf8 27. Bxf6 gxf6 28. g3 f5 29. Ne5 f4 30. Kg2 h5 31. Rh6 Rf5 32. Nc4 Rgf8 33. Nxd6+ cxd6 34. Re7+ Kb6 35. Ree6 fxg3 36. fxg3 Rf2+ 37. Kh3 Rxb2 38. Rxd6 Rff2 39. Rxh5 Rxh2+ 40. Kg4 Rxh5 41. Kxh5 Rxa2 42. g4 Rh2+ 43. Kg6 a5 44. d5 Kc5 45. Rxc6+ Kxd5 46. Ra6 Ra2 47. g5 Kc4 48. Kf7 a4 49. g6 Kb3 50. g7 Rg2 51. Rg6 Rxg6 52. Kxg6 a3 53. g8=Q+ Kb2 54. Qg7+ Kb1 55. Qb7+ Kc2 56. Qd5 Kb2 57. Qd4+ 1-0

[Event "Senior DM 65+ 2024"]
[Site "Aarhus"]
[Date "2024.02.18"]
[Round "7.8"]
[White "Jensen, Henrik Tranberg"]
[Black "Sorensson, Dan"]
[Result "1-0"]
[WhiteElo "1973"]
[BlackElo "1709"]
[PlyCount "89"]
[EventDate "2024.02.12"]
[EventType "swiss"]
[EventRounds "7"]
[EventCountry "DEN"]
[SourceTitle "Live v. Thomas Vestergaard"]

1. d4 Nf6 2. c4 d6 3. Nc3 Nbd7 4. e4 e5 5. d5 c6 6. Nge2 Be7 7. Ng3 g6 8. Bh6 Bf8 9. Be3 Be7 10. Be2 O-O 11. h4 Ne8 12. h5 f5 13. Bh6 Ng7 14. hxg6 hxg6 15. exf5 gxf5 16. Nh5 Bf6 17. dxc6 Nc5 18. Nd5 bxc6 19. Ndxf6+ Rxf6 20. Bxg7 Rg6 21. Bxe5 Qe7 22. Nf4 Qxe5 23. Nxg6 Qxb2 24. Ne7+ Kg7 25. Nxf5+ Bxf5 26. Qc1 Qf6 27. Rh5 Re8 28. Kf1 Ne4 29. Bf3 Nd2+ 30. Kg1 Be4 31. Bxe4 Nxe4 32. f3 Qg6 33. Rh4 Nf6 34. Qb2 Kf7 35. Rd1 Qg5 36. Qd4 Re2 37. Rh2 c5 38. Qd3 Rxa2 39. Qxd6 Qe3+ 40. Kh1 Re2 41. Qc7+ Kg6 42. Qg3+ Kf7 43. Rh8 Ne4 44. Qg8+ Kf6 45. Qf8+ 1-0

[Event "Senior DM 65+ 2024"]
[Site "Aarhus"]
[Date "2024.02.18"]
[Round "7.9"]
[White "Holst, Per"]
[Black "Poulsen, Knud"]
[Result "1-0"]
[WhiteElo "2101"]
[BlackElo "1780"]
[PlyCount "73"]
[EventDate "2024.02.12"]
[EventType "swiss"]
[EventRounds "7"]
[EventCountry "DEN"]
[SourceTitle "Live v. Thomas Vestergaard"]

1. d4 d5 2. Nf3 e6 3. g3 Be7 4. Bg2 Nf6 5. O-O O-O 6. c4 c6 7. Qc2 Nbd7 8. Nbd2 Re8 9. e4 dxe4 10. Nxe4 Nf8 11. b3 Nxe4 12. Qxe4 f5 13. Qe2 Ng6 14. Bb2 Rf8 15. Rfe1 Bd7 16. Rad1 Bb4 17. Rf1 Qe7 18. Rd3 h5 19. h4 Qe8 20. Ng5 Nh8 21. a3 Ba5 22. b4 Bd8 23. f4 Bxg5 24. hxg5 g6 25. Ba1 Qf7 26. Re1 Rfe8 27. Re3 e5 28. Rxe5 Rxe5 29. fxe5 Re8 30. d5 Qe7 31. e6 Qxg5 32. Qe5 Qh6 33. Qxh8+ Qxh8 34. Bxh8 Bc8 35. Bd4 a6 36. dxc6 Rxe6 37. Bd5 1-0

[Event "Senior DM 65+ 2024"]
[Site "Aarhus"]
[Date "2024.02.18"]
[Round "7.10"]
[White "Nielsen, Ib"]
[Black "Markussen, Benno Orvad"]
[Result "1/2-1/2"]
[WhiteElo "1900"]
[BlackElo "1677"]
[PlyCount "36"]
[EventDate "2024.02.12"]
[EventType "swiss"]
[EventRounds "7"]
[EventCountry "DEN"]
[SourceTitle "Live v. Thomas Vestergaard"]

1. e4 d6 2. d4 Nf6 3. f3 c6 4. c4 Nbd7 5. Be3 e5 6. Ne2 b6 7. Nbc3 Be7 8. Rc1 O-O 9. Qd2 exd4 10. Nxd4 c5 11. Nc6 Qe8 12. Be2 Ne5 13. Nxe7+ Qxe7 14. O-O Be6 15. b3 Ne8 16. h3 Ng6 17. f4 f5 18. Bf3 Rd8 1/2-1/2

[Event "Senior DM 65+ 2024"]
[Site "Aarhus"]
[Date "2024.02.18"]
[Round "7.11"]
[White "Gam, Soren"]
[Black "McAndrew, Robert"]
[Result "1-0"]
[WhiteElo "1368"]
[BlackElo "1898"]
[PlyCount "44"]
[EventDate "2024.02.12"]
[EventType "swiss"]
[EventRounds "7"]
[EventCountry "DEN"]
[SourceTitle "Live v. Thomas Vestergaard"]

1. d4 Nf6 2. c4 g6 3. Nc3 Bg7 4. e4 d6 5. h3 O-O 6. Bg5 c6 7. Nf3 e5 8. dxe5 dxe5 9. Qxd8 Rxd8 10. Be2 h6 11. Be3 Nh5 12. O-O Be6 13. Rfd1 Na6 14. Rxd8+ Rxd8 15. Bxa7 Nb4 16. a3 Nc2 17. Rc1 Nd4 18. Nxd4 exd4 19. Rd1 Bf6 20. Bb6 Rd7 21. Na4 Nf4 22. Bf1 Rd6 1-0

[Event "Senior DM 65+ 2024"]
[Site "Aarhus"]
[Date "2024.02.18"]
[Round "7.12"]
[White "Bjornes, Leif"]
[Black "Johnsen, Oystein"]
[Result "1/2-1/2"]
[WhiteElo "1826"]
[BlackElo "1820"]
[PlyCount "97"]
[EventDate "2024.02.12"]
[EventType "swiss"]
[EventRounds "7"]
[EventCountry "DEN"]
[SourceTitle "Live v. Thomas Vestergaard"]

1. d4 Nf6 2. c4 b6 3. f3 e6 4. e4 d6 5. Bg5 Be7 6. Bd3 Nfd7 7. Be3 e5 8. d5 O-O 9. Ne2 a5 10. Nbc3 Nc5 11. O-O f5 12. Bxc5 bxc5 13. exf5 Bxf5 14. Ng3 Bxd3 15. Qxd3 Nd7 16. Nge4 Bg5 17. Nxg5 Qxg5 18. Nb5 Qd8 19. Rae1 Rf7 20. Re3 Nb6 21. Re4 Nd7 22. Re3 Nb6 23. Re4 a4 24. f4 Nd7 25. fxe5 Nxe5 26. Qe2 Rxf1+ 27. Qxf1 Qd7 28. Rf4 Ng6 29. Rf3 Re8 30. Ra3 Re4 31. Rxa4 h6 32. Ra8+ Kh7 33. Nc3 Re5 34. g3 Qe7 35. Kg2 Re1 36. Qf3 Re3 37. Qf5 Re5 38. Qf3 Qg5 39. Qd3 Rf5 40. Ne2 Ne5 41. Qe4 Ng6 42. Re8 Ne5 43. Nf4 g6 44. Rc8 Rf7 45. Ne6 Qd2+ 46. Kh3 Qf2 47. Rxc7 Qf1+ 48. Qg2 Qf5+ 49. g4 1/2-1/2

[Event "Senior DM 65+ 2024"]
[Site "Aarhus"]
[Date "2024.02.18"]
[Round "7.13"]
[White "Korsgaard, Christian"]
[Black "Meldgaard, Frode"]
[Result "0-1"]
[WhiteElo "1709"]
[BlackElo "1798"]
[PlyCount "44"]
[EventDate "2024.02.12"]
[EventType "swiss"]
[EventRounds "7"]
[EventCountry "DEN"]
[SourceTitle "Live v. Thomas Vestergaard"]

1. e4 e5 2. Nf3 Nc6 3. d4 exd4 4. Nxd4 Nxd4 5. Qxd4 b6 6. Bc4 Qf6 7. e5 Qg6 8. Bd5 Bc5 9. Qf4 Rb8 10. O-O Bb7 11. Bxb7 Rxb7 12. Qf3 c6 13. Nc3 Ne7 14. Ne4 O-O 15. Nxc5 bxc5 16. Qc3 Nf5 17. Qxc5 Nh4 18. g3 Nf3+ 19. Kg2 Qe4 20. Qe3 Ne1+ 21. Kh3 Qg2+ 22. Kg4 Nxc2 0-1

[Event "Senior DM 65+ 2024"]
[Site "Aarhus"]
[Date "2024.02.18"]
[Round "7.14"]
[White "Kristensen, Lars Ostergaard"]
[Black "Iversen, Flemming Pagh"]
[Result "1/2-1/2"]
[WhiteElo "1585"]
[BlackElo "1744"]
[PlyCount "41"]
[EventDate "2024.02.12"]
[EventType "swiss"]
[EventRounds "7"]
[EventCountry "DEN"]
[SourceTitle "Live v. Thomas Vestergaard"]

1. d4 d5 2. c4 c6 3. cxd5 cxd5 4. Nc3 Nf6 5. Bf4 e6 6. e3 Bd6 7. Bxd6 Qxd6 8. f4 O-O 9. Nf3 Nc6 10. Bd3 h6 11. Rc1 Bd7 12. O-O Rac8 13. Ne5 Nb8 14. Qe2 Bc6 15. g4 Nbd7 16. Qg2 Ne4 17. g5 hxg5 18. Bxe4 dxe4 19. Nxd7 Qxd7 20. Qxg5 f5 21. Rf2 1/2-1/2

[Event "Senior DM 65+ 2024"]
[Site "Aarhus"]
[Date "2024.02.18"]
[Round "7.15"]
[White "Gottschalck, Christian"]
[Black "Pilgaard, Johannes"]
[Result "1/2-1/2"]
[WhiteElo "1684"]
[BlackElo "1648"]
[PlyCount "74"]
[EventDate "2024.02.12"]
[EventType "swiss"]
[EventRounds "7"]
[EventCountry "DEN"]
[SourceTitle "Live v. Thomas Vestergaard"]

1. e4 e6 2. Nf3 d5 3. Nc3 d4 4. Ne2 c5 5. c3 Nc6 6. cxd4 Nb4 7. Qb3 Nf6 8. d3 Be7 9. h3 b6 10. Be3 a5 11. a3 a4 12. Qc3 Na6 13. Ng3 Bb7 14. Be2 O-O 15. O-O Rc8 16. Qd2 Qd7 17. Rac1 Rfd8 18. Rfd1 cxd4 19. Rxc8 Rxc8 20. Bxd4 Nc5 21. Bxc5 Bxc5 22. d4 Be7 23. Bd3 Ne8 24. Qe2 Nd6 25. e5 Bxf3 26. Qxf3 Nb5 27. Ne2 g6 28. Bxb5 Qxb5 29. Rd2 Bg5 30. Nf4 Rc1+ 31. Kh2 Qf1 32. Kg3 h5 33. h4 Bh6 34. Re2 Rd1 35. Nd3 Qh1 36. Rc2 Qf1 37. Re2 Qh1 1/2-1/2